1857 in India (Record no. 18471)
[ view plain ]
| 000 -LEADER | |
|---|---|
| fixed length control field | 00618nam a2200241 a 4500 |
| 020 ## - INTERNATIONAL STANDARD BOOK NUMBER | |
| ISBN | |
| 082 00 - DEWEY DECIMAL CLASSIFICATION NUMBER | |
| Classification number | 954.0317 |
| Author Cutter | EMB |
| 100 ## - MAIN ENTRY--AUTHOR NAME | |
| Author name | Embree, Ainslee T |
| 245 ## - TITLE STATEMENT | |
| Title | 1857 in India |
| Sub title | Mutiny Or War of Independence |
| 260 ## - PUBLICATION, DISTRIBUTION, ETC. (IMPRINT) | |
| Place of publication | Boston |
| Name of publisher | D.C.Heath and Co. |
| Year of publication | 1963 |
| 300 ## - PHYSICAL DESCRIPTION | |
| Number of Pages | 101p |
| 500 ## - GENERAL NOTE | |
| General note | includes index and biblioraphy |
| 505 2# - FORMATTED CONTENTS NOTE | |
| Formatted contents note | Index |
| 650 ## - SUBJECT ADDED ENTRY--TOPICAL TERM | |
| Topical Term | India-History Sepoy Rebellion-1857 |
| 942 ## - ADDED ENTRY ELEMENTS (KOHA) | |
| Koha item type | Books |
| 700 1# - | |
| -- | Embree, Ainslee T |
| Home library | Current library | Date acquired | Cost, normal purchase price | Full call number | Accession Number | Koha item type |
|---|---|---|---|---|---|---|
| Henry Martyn Institute Library | Henry Martyn Institute Library | 04/04/2007 | 100.00 | 954.0317 EMB | 11000055 | E-Books |
